000 00443pab a2200169 454500
008 180718b2004 xxu||||| |||| 00| 0 eng d
100 _aGhosh, D.N.
245 _aPartnership or rivalry in a globalising world
260 _c2004
300 _ap.5630-633.
362 _a25 Dec
650 _aGlobalization - China
650 _aGlobalization - India
650 _aGlobalization
773 _aEconomic and Political Weekly
909 _a63605
999 _c63605
_d63605